| 000 | 00801nam0a22002531 4500 | ||
|---|---|---|---|
| 001 | rc\3128008 | ||
| 005 | 20260407222243.0 | ||
| 021 |
_aRU _bРг8178-76 |
||
| 021 |
_aRU _b76-38623 |
||
| 035 | _a(NLR Aleph) 007283752 | ||
| 090 |
_a5536825 _c5536825 |
||
| 100 | _a20120615d1975 |||y0rusy50 ca | ||
| 101 | 0 | _arus | |
| 102 | _aRU | ||
| 105 | _ay z ||||| | ||
| 200 | 1 |
_aПодготовка рукописей к изданию _eПамятка авт. и ред. _fГоскомиздат СССР. Стройиздат |
|
| 210 |
_aМосква _cСтройиздат _d1975 |
||
| 215 |
_a90 с. _d22 |
||
| 712 | 0 | 2 |
_aСтройиздат _cМосква _3RU\NLR\AUTH\8810149508 _9793605 |
| 801 | 0 |
_aRU _bNLR _gpsbo |
|
| 801 | 1 |
_aRU _bELAR _2rusmarc |
|
| 852 |
_aNLR _j76-6/5043 |
||
| 942 | _cBOOK | ||
| 980 | _aNB | ||